Guess the Taylor swift song no hints #5 - Statistics

General Stats
  • This quiz has been taken 74 times
  • The average score is 185 of 266
Answer Stats
Answer % Correct
I
98%
a
96%
you
95%
You
95%
and
91%
And
91%
(And
91%
the
91%
is
89%
me
89%
in
88%
your
88%
it
86%
be
84%
Be
84%
go
84%
love
84%
Love
84%
my
84%
this
84%
This
84%
to
84%
we
84%
We
84%
(We
84%
You're
84%
are
82%
So
81%
(So
81%
But
77%
(But
77%
I'll
77%
I'm
77%
all
75%
of
75%
were
74%
don't
72%
just
72%
Just
72%
like
70%
with
70%
know
68%
good
65%
I've
65%
never
65%
(never)
65%
Up
65%
our
63%
saw
61%
Saw
61%
time
60%
grace
58%
Now
58%
state
58%
come
56%
fall
56%
right
56%
room
56%
same
56%
hearts
54%
hearts)
54%
let
54%
live
54%
or
54%
touch
54%
alone
53%
minds
53%
real
53%
These
53%
coming
51%
game
51%
lights
51%
streets
51%
broken
49%
eyes
49%
fight
49%
play
49%
ruthless
49%
through
49%
til
49%
Unless
49%
unless
49%
walking
49%
wild
49%
wild)
49%
Busy
47%
busy
47%
changing
47%
fast
47%
hands
47%
lives
47%
worthwhile
47%
around
46%
bleeds
46%
blue
46%
hurts
46%
loved
46%
pain
46%
pain)
46%
something
46%
traffic
46%
heel
44%
learn
44%
saint
44%
saint)
44%
wrong
44%
wrong)
44%
Achilles
42%
fate
42%
golden
42%
armor
40%
shades
40%
age
39%
fades
39%
falls
37%
Four
37%
cannonball
35%
Pierce
35%
brave
33%
clean
33%
fire
33%
signs
33%
twin
33%
(Mosaic
32%
slates
32%
Mosiac
7%
No matching quizzes found
Score Distribution
Percent of People with Each Score
Percentile by Number Answered
Your Score History
You have not taken this quiz